| 000 | 00556nam a2200193 a 4500 | ||
|---|---|---|---|
| 005 | 20140412111325.0 | ||
| 008 | 000818s19uu xx 00 eng d | ||
| 020 | _a0-698-11364-0 | ||
| 050 |
_aTR(PS E _bMo71 1992 |
||
| 100 | _aKasza, Keiko | ||
| 245 |
_aA Mother for choco / _cKeiko Kasza. |
||
| 260 |
_aNew York : _bPaper Star, _c1992. |
||
| 300 | _a1 v. (unp.) ; ill. | ||
| 520 | _aA lonely little bird named Choco goes in search of a mother. | ||
| 650 | _aMothers-Fiction | ||
| 650 | _aLove-Fiction | ||
| 650 | _aBirds-Fiction | ||
| 999 |
_c104570 _d104570 |
||